[Event "Aurora Summer op"]
[Site "Aurora CAN"]
[Date "2014.07.06"]
[Round "4.3"]
[White "Qin, Zi Yi (Joey)"]
[Black "Aronov, Yuri"]
[Result "1-0"]
[WhiteElo "2421"]
[BlackElo "2309"]
[PlyCount "92"]
[EventDate "2014.07.05"]
[EventType "swiss"]
[EventRounds "5"]
[EventCountry "CAN"]

1. e4 c5 2. Nf3 e6 3. d3 Nc6 4. g3 d5 5. Nbd2 Nge7 6. Bg2 g6 7. O-O Bg7 8. Re1
b6 9. Nf1 a5 10. h4 h6 11. e5 Qc7 12. Qe2 Ba6 13. Bf4 c4 14. dxc4 dxc4 15. c3
Rd8 16. N1h2 Nd5 17. Bd2 Nce7 18. h5 g5 19. a4 Nf5 20. Bh3 Bc8 21. Qe4 Bb7 22.
Qe2 Bc8 23. Bf1 Ba6 24. Qe4 Rc8 25. Qg4 Nde7 26. Re4 O-O 27. Qh3 Rfd8 28. Rae1
Rd3 29. Bxd3 cxd3 30. g4 Bb7 31. gxf5 exf5 32. Rd4 g4 33. Nxg4 fxg4 34. Rxg4
Kh8 35. Nd4 Qd7 36. Qg3 Qd5 37. f3 Rg8 38. Kf2 Bc8 39. Rge4 Qa2 40. Bc1 Qxa4
41. Qf4 Qa2 42. e6 Nd5 43. Qd2 Nf6 44. Rf4 Nxh5 45. Rxf7 Qd5 46. Qxd3 Nf6 1-0

[Event "Aurora Summer op"]
[Site "Aurora CAN"]
[Date "2014.07.06"]
[Round "4.4"]
[White "Sapozhnikov, Roman"]
[Black "Kazmaier, Daniel"]
[Result "1/2-1/2"]
[WhiteElo "2406"]
[BlackElo "2297"]
[PlyCount "99"]
[EventDate "2014.07.05"]
[EventType "swiss"]
[EventRounds "5"]
[EventCountry "CAN"]

1. d4 f5 2. c4 Nf6 3. Nf3 d6 4. Nc3 e6 5. g3 Be7 6. Bg2 O-O 7. O-O Qe8 8. Ne1
Qh5 9. Nd3 g5 10. e4 Nc6 11. Be3 Qg6 12. exf5 Qxf5 13. h3 Bd7 14. g4 Qg6 15. f4
gxf4 16. Nxf4 Qg7 17. d5 exd5 18. Ncxd5 Nxd5 19. Bxd5+ Kh8 20. Nh5 Qg6 21. Bd4+
Ne5 22. Qe2 Qg5 23. Bxb7 Rxf1+ 24. Rxf1 Rf8 25. Rxf8+ Bxf8 26. Bg2 Bh6 27. Qf3
Be6 28. Qf6+ Qxf6 29. Nxf6 Bg7 30. g5 h6 31. h4 hxg5 32. hxg5 Nxc4 33. Bxa7
Nxb2 34. Bd5 Bxd5 35. Nxd5 c5 36. Kf2 Be5 37. Ne7 Kg7 38. Nc6 Bf4 39. Bb8 Kg6
40. Nd8 Bxg5 41. Nb7 c4 42. Bxd6 c3 43. Na5 c2 44. Nb3 Kf5 45. Ke2 Ke4 46. Ba3
Nd1 47. Bb4 Nb2 48. Bd2 Be7 49. Bh6 Bb4 50. Bd2 1/2-1/2

[Event "Aurora Summer op"]
[Site "Aurora CAN"]
[Date "2014.07.06"]
[Round "4.5"]
[White "Derraugh, Geordie"]
[Black "Cormier, Adam"]
[Result "1-0"]
[WhiteElo "2344"]
[BlackElo "2255"]
[PlyCount "118"]
[EventDate "2014.07.05"]
[EventType "swiss"]
[EventRounds "5"]
[EventCountry "CAN"]

1. e4 c5 2. Nf3 d6 3. d4 cxd4 4. Nxd4 Nf6 5. Nc3 a6 6. g3 e5 7. Nde2 Nbd7 8.
Bg2 Be7 9. a4 b6 10. O-O Bb7 11. Be3 Rc8 12. h3 Nc5 13. Nd5 Nxd5 14. exd5 O-O
15. g4 Bf6 16. Ng3 g6 17. b4 Nd7 18. Ne4 Be7 19. Bh6 Re8 20. Ra3 Rc4 21. c3 Bf8
22. Bxf8 Nxf8 23. Qd3 Rc7 24. g5 Kg7 25. c4 h6 26. c5 dxc5 27. bxc5 bxc5 28.
Nf6 Rd7 29. Nxe8+ Qxe8 30. gxh6+ Kh7 31. f4 f5 32. fxe5 Qxe5 33. Qc3 Qd6 34.
Re1 Kxh6 35. Qe5 Qxe5 36. Rxe5 Kg5 37. Rd3 Kf6 38. Re1 g5 39. Rc1 Ng6 40. Rxc5
Nf4 41. Rd2 Nxg2 42. Kxg2 Ke5 43. Kf2 Bxd5 44. Ke3 Rd6 45. a5 f4+ 46. Kf2 Ke4
47. Rc1 Kf5 48. Rb1 Ke5 49. Rb6 Rd7 50. Rg6 Kf5 51. Rxa6 Ke4 52. Rg6 Rh7 53.
Rxg5 Bb7 54. Re2+ Kd3 55. Rb2 Kc3 56. Rb6 Be4 57. Rg4 Rxh3 58. Rxf4 Bd5 59. Ra4
Kd2 1-0

[Event "Aurora Summer op"]
[Site "Aurora CAN"]
[Date "2014.07.06"]
[Round "4.7"]
[White "Profit, Brian"]
[Black "Zeromskis, Egidijus"]
[Result "0-1"]
[WhiteElo "2108"]
[BlackElo "2242"]
[PlyCount "70"]
[EventDate "2014.07.05"]
[EventType "swiss"]
[EventRounds "5"]
[EventCountry "CAN"]

1. d4 Nf6 2. Bg5 e6 3. e4 h6 4. Bxf6 Qxf6 5. c3 d6 6. Bd3 c6 7. Ne2 e5 8. O-O
Nd7 9. f4 Qe7 10. Nd2 g6 11. Qb3 exd4 12. cxd4 Bg7 13. Rae1 Nb6 14. Nf3 Be6 15.
Qc2 O-O 16. f5 Bd7 17. Ng3 c5 18. dxc5 dxc5 19. e5 gxf5 20. Bxf5 Rad8 21. Nh5
Bc6 22. Be4 Nd5 23. Bxd5 Bxd5 24. Qf5 Qe6 25. Qf4 Bc6 26. h3 Qg6 27. g4 Bxf3
28. Rxf3 Rd4 29. Qe3 Re8 30. Nxg7 Qxg7 31. Rf5 Rxg4+ 32. hxg4 Qxg4+ 33. Kh1
Qxf5 34. Rg1+ Kh7 35. Qxc5 Qh3# 0-1

[Event "Aurora Summer op"]
[Site "Aurora CAN"]
[Date "2014.07.06"]
[Round "4.8"]
[White "Itkin, David"]
[Black "Michelashvili, Alexandre"]
[Result "1/2-1/2"]
[WhiteElo "2233"]
[BlackElo "1972"]
[PlyCount "68"]
[EventDate "2014.07.05"]
[EventType "swiss"]
[EventRounds "5"]
[EventCountry "CAN"]

1. e4 e5 2. Nf3 Nc6 3. Nc3 Nf6 4. Be2 Be7 5. O-O O-O 6. d4 d6 7. h3 Re8 8. Bc4
h6 9. Be3 Bf8 10. a4 exd4 11. Nxd4 Nxd4 12. Bxd4 Be6 13. Bd3 d5 14. Bxf6 Qxf6
15. exd5 Bf5 16. Qf3 Re5 17. Rae1 Bxd3 18. Qxd3 Rae8 19. Rxe5 Qxe5 20. Qg3 Qxg3
21. fxg3 a6 22. Rd1 Bb4 23. Kf2 Bxc3 24. bxc3 Re4 25. Rd4 Rxd4 26. cxd4 b5 27.
axb5 axb5 28. Ke3 Kf8 29. d6 cxd6 30. Ke4 Ke7 31. Kd5 Kd7 32. g4 Kc7 33. h4 Kd7
34. h5 Kc7 1/2-1/2

[Event "Aurora Summer op"]
[Site "Aurora CAN"]
[Date "2014.07.06"]
[Round "4.9"]
[White "Liang, Hairan"]
[Black "Bluvshtein, Ilia"]
[Result "0-1"]
[WhiteElo "1952"]
[BlackElo "2218"]
[PlyCount "132"]
[EventDate "2014.07.05"]
[EventType "swiss"]
[EventRounds "5"]
[EventCountry "CAN"]

1. e4 e5 2. Nf3 Nc6 3. d4 exd4 4. Nxd4 Bc5 5. Be3 Qf6 6. c3 Nge7 7. Bc4 Ne5 8.
Be2 d5 9. O-O O-O 10. Nd2 Bb6 11. f4 Qh6 12. Qe1 dxe4 13. Nxe4 Nf5 14. Nxf5
Bxf5 15. Bxb6 Qxb6+ 16. Qf2 Bxe4 17. Qxb6 axb6 18. fxe5 Ra5 19. Rad1 Rxe5 20.
Bc4 Bc6 21. Rf2 b5 22. Bb3 g6 23. Rdf1 Re7 24. Rd2 Kg7 25. Rfd1 Rfe8 26. Kf2 h5
27. Rc2 Re5 28. Kf1 R8e7 29. Rcd2 Rf5+ 30. Rf2 Rxf2+ 31. Kxf2 f5 32. Rd4 Rd7
33. Rxd7+ Bxd7 34. h4 Kf6 35. Bd1 Be6 36. a3 f4 37. Bf3 c6 38. Bd1 Ke5 39. Bc2
Bf5 40. Bb3 Be4 41. Bd1 Bd3 42. a4 bxa4 43. Bxa4 Bb1 44. Bd1 Ke4 45. Be2 Ba2
46. Bd1 Kd3 47. Kf3 Kd2 48. Be2 Bd5+ 49. Kf2 Bxg2 50. c4 Be4 51. b4 Bd3 52.
Bxd3 Kxd3 53. b5 cxb5 54. cxb5 Ke4 55. Ke2 f3+ 56. Kf2 Kf4 57. b6 Kg4 58. Kg1
Kf5 59. Kh2 Ke5 60. Kg3 Ke4 61. Kf2 Kf4 62. Kf1 Kg3 63. Kg1 Kxh4 64. Kf2 Kg4
65. Kg1 Kg3 66. Kh1 Kf2 0-1

[Event "Aurora Summer op"]
[Site "Aurora CAN"]
[Date "2014.07.06"]
[Round "4.10"]
[White "Lei, Sean"]
[Black "Zotkin, Daniel"]
[Result "1/2-1/2"]
[WhiteElo "2008"]
[BlackElo "2200"]
[PlyCount "29"]
[EventDate "2014.07.05"]
[EventType "swiss"]
[EventRounds "5"]
[EventCountry "CAN"]

1. d4 f5 2. Nf3 e6 3. e3 Nf6 4. c4 c6 5. Nc3 d5 6. b3 Bd6 7. Bb2 O-O 8. Be2 Ne4
9. Nb1 g5 10. Ne5 Bb4+ 11. Kf1 Nd7 12. a3 Nxe5 13. dxe5 Bc5 14. b4 Qb6 15. Qc1
1/2-1/2

[Event "Aurora Summer op"]
[Site "Aurora CAN"]
[Date "2014.07.06"]
[Round "4.12"]
[White "Issani, Nameer"]
[Black "Zhao, Yue Tong (Davy)"]
[Result "1-0"]
[WhiteElo "1904"]
[BlackElo "2079"]
[PlyCount "67"]
[EventDate "2014.07.05"]
[EventType "swiss"]
[EventRounds "5"]
[EventCountry "CAN"]

1. e4 c5 2. Nf3 e6 3. d4 cxd4 4. Nxd4 a6 5. Nc3 Qc7 6. Be3 Nf6 7. Be2 Bc5 8.
O-O d6 9. Qd2 O-O 10. Rad1 b5 11. a3 Bb7 12. f3 Nbd7 13. b4 Bxd4 14. Bxd4 e5
15. Bf2 Rac8 16. Be1 Qb6+ 17. Kh1 Rc6 18. Bd3 Rfc8 19. Ne2 Qc7 20. Ng3 Nf8 21.
Nf5 g6 22. Bh4 d5 23. exd5 Nxd5 24. Nh6+ Kg7 25. Be4 Rd6 26. Ng4 f5 27. Qh6+
Kg8 28. Bxd5+ Bxd5 29. Nf6+ Kf7 30. Nxd5 Qc4 31. Ne3 Rxd1 32. Rxd1 Qe2 33. Re1
Qd2 34. Nxf5 1-0

[Event "Aurora Summer op"]
[Site "Aurora CAN"]
[Date "2014.07.06"]
[Round "4.13"]
[White "Nasir, Zehn"]
[Black "Chernik, Dmitry"]
[Result "1-0"]
[WhiteElo "2097"]
[BlackElo "2032"]
[PlyCount "86"]
[EventDate "2014.07.05"]
[EventType "swiss"]
[EventRounds "5"]
[EventCountry "CAN"]

1. e4 d6 2. d4 Nf6 3. Bd3 e5 4. Nf3 Nfd7 5. O-O Be7 6. b3 c6 7. Bb2 Qc7 8. Nbd2
O-O 9. dxe5 Nxe5 10. Nxe5 dxe5 11. Nc4 Bd6 12. Nxd6 Qxd6 13. Qh5 Re8 14. h3 h6
15. Qh4 Nd7 16. Rad1 Qf6 17. Qh5 Qg5 18. Qxg5 hxg5 19. Be2 Nf6 20. f3 Be6 21.
Bxe5 Nh5 22. g4 Nf4 23. Bxf4 gxf4 24. Rd6 Rac8 25. Rfd1 Kf8 26. c4 a6 27. a4
Ke7 28. Kf2 Bd5 29. e5 Be6 30. h4 b5 31. R1d4 Rh8 32. Rxf4 Rxh4 33. axb5 axb5
34. cxb5 Rh2+ 35. Ke3 cxb5 36. Rb4 Rc5 37. Kd4 Rxe5 38. Rxe6+ Kxe6 39. Bxb5
Rd2+ 40. Kc3 Rf2 41. Bc4+ Kf6 42. Kd4 Re1 43. Rb7 Re7 1-0

[Event "Aurora Summer op"]
[Site "Aurora CAN"]
[Date "2014.07.06"]
[Round "4.14"]
[White "Rofrano, Joshua"]
[Black "Zhong, Joey"]
[Result "1/2-1/2"]
[WhiteElo "2006"]
[BlackElo "1963"]
[PlyCount "86"]
[EventDate "2014.07.05"]
[EventType "swiss"]
[EventRounds "5"]
[EventCountry "CAN"]

1. d4 Nf6 2. c4 g6 3. Nc3 Bg7 4. e4 d6 5. Be2 O-O 6. Nf3 e5 7. d5 a5 8. Bg5 h6
9. Bh4 Qe8 10. Nd2 Na6 11. a3 Bd7 12. b3 Nc5 13. O-O Nh7 14. Rc1 h5 15. f3 Bh6
16. Bf2 Bxd2 17. Qxd2 Nxb3 18. Qh6 Nxc1 19. Rxc1 b6 20. Nb5 Qd8 21. f4 exf4 22.
Bd4 f6 23. Qxg6+ Kh8 24. Bxh5 Be8 25. Qh6 Bxh5 26. Qxh5 Qe7 27. Qf5 Rg8 28. Rc3
Qg7 29. g3 Raf8 30. Qxf4 Qd7 31. Rf3 Rg4 32. Qe3 Qe7 33. Nc3 Ng5 34. Rf5 Qg7
35. Kg2 Qh6 36. Rf4 Qh3+ 37. Kg1 Kg7 38. Qf2 Rxf4 39. Qxf4 Qh5 40. Kg2 Qh3+ 41.
Kh1 Qh5 42. Kg2 Qh3+ 43. Kh1 Qh5 1/2-1/2

[Event "Aurora Summer op"]
[Site "Aurora CAN"]
[Date "2014.07.06"]
[Round "5.1"]
[White "Sambuev, Bator"]
[Black "Qin, Zi Yi (Joey)"]
[Result "1-0"]
[WhiteElo "2690"]
[BlackElo "2421"]
[PlyCount "125"]
[EventDate "2014.07.05"]
[EventType "swiss"]
[EventRounds "5"]
[EventCountry "CAN"]

1. e4 c5 2. Ne2 d6 3. g3 g6 4. Bg2 Bg7 5. c3 Nc6 6. d4 Nf6 7. h3 O-O 8. Be3 Qb6
9. Qd2 Bd7 10. O-O Rac8 11. Na3 cxd4 12. cxd4 Qb4 13. Nc3 e5 14. Nc2 Qa5 15.
Rac1 exd4 16. Nxd4 Rfe8 17. Ndb5 Ne5 18. Nxd6 Nc4 19. Nxc4 Rxc4 20. b3 Rcc8 21.
Nd5 Qxd2 22. Nxf6+ Bxf6 23. Bxd2 Bb2 24. Rxc8 Rxc8 25. Rd1 Be6 26. Be3 b6 27.
f4 Kf8 28. Kf2 h5 29. h4 Ke7 30. Bf3 Ba3 31. Be2 Rc2 32. Rd2 Rc3 33. Bd4 Rc8
34. Ba6 Rc1 35. Be3 Bb4 36. Rd7+ Bxd7 37. Bxc1 Bc6 38. Bd3 Bc3 39. Ke2 Bd7 40.
Ba3+ Kf6 41. Bd6 b5 42. Bc5 a6 43. e5+ Ke6 44. Be4 b4 45. Kf3 Bb5 46. Bb7 f5
47. exf6 Kxf6 48. Be4 Bd7 49. Bd3 Bc8 50. Ke2 Kf7 51. Be4 Bd7 52. Bf2 Kf6 53.
Kd3 Bb5+ 54. Kc2 Bd7 55. Kd3 Bb5+ 56. Ke3 Bd7 57. Bb7 Bb5 58. Ke4 Kf7 59. Bd5+
Ke7 60. Bc5+ Kf6 61. Bd4+ Bxd4 62. Kxd4 Be2 63. Be4 1-0

[Event "Aurora Summer op"]
[Site "Aurora CAN"]
[Date "2014.07.06"]
[Round "5.2"]
[White "Kleinman, Michael"]
[Black "Ochkoos, Jura"]
[Result "1-0"]
[WhiteElo "2370"]
[BlackElo "2342"]
[PlyCount "65"]
[EventDate "2014.07.05"]
[EventType "swiss"]
[EventRounds "5"]
[EventCountry "CAN"]

1. e4 e5 2. Nf3 Nc6 3. Bb5 a6 4. Ba4 Nf6 5. O-O Be7 6. Re1 b5 7. Bb3 d6 8. c3
O-O 9. h3 a5 10. d4 a4 11. Bc2 Bd7 12. Nbd2 Re8 13. Nf1 h6 14. Ng3 Bf8 15. Bd2
Qc8 16. Bd3 Qb7 17. Qc2 Na5 18. b3 axb3 19. axb3 c5 20. b4 cxb4 21. cxb4 Rec8
22. Qb1 Nc4 23. Bxc4 bxc4 24. Rxa8 Qxa8 25. dxe5 dxe5 26. Bc3 Qa3 27. Re3 Rb8
28. Nxe5 Bc5 29. Rf3 Be8 30. Nxc4 Qa6 31. Ne3 Nh7 32. h4 Nf8 33. Ngf5 1-0

[Event "Aurora Summer op"]
[Site "Aurora CAN"]
[Date "2014.07.06"]
[Round "5.3"]
[White "Tonakanian, Stephan"]
[Black "Derraugh, Geordie"]
[Result "0-1"]
[WhiteElo "2025"]
[BlackElo "2344"]
[PlyCount "78"]
[EventDate "2014.07.05"]
[EventType "swiss"]
[EventRounds "5"]
[EventCountry "CAN"]

1. d4 Nf6 2. Nf3 g6 3. g3 Bg7 4. Bg2 O-O 5. O-O d5 6. c4 c6 7. b3 dxc4 8. bxc4
c5 9. e3 Nc6 10. Bb2 Qb6 11. Qb3 Ne4 12. Nc3 Nxc3 13. Bxc3 Rd8 14. Rfe1 Bf5 15.
Qa3 cxd4 16. exd4 e6 17. c5 Qc7 18. Qb2 Rd7 19. h3 h5 20. Rad1 Rad8 21. Rd2 b6
22. cxb6 Qxb6 23. Qxb6 axb6 24. Rb2 Nxd4 25. Bxd4 Bxd4 26. Nxd4 Rxd4 27. Rxb6
Rd2 28. Rb4 Rxa2 29. g4 hxg4 30. hxg4 Bc2 31. Re3 Rd1+ 32. Kh2 Rd2 33. Kg3 Ba4
34. Rf3 Bc6 35. Rff4 g5 36. Rfd4 Ra3+ 37. f3 Re2 38. Rd1 Rxg2+ 39. Kxg2 Bxf3+
0-1

[Event "Aurora Summer op"]
[Site "Aurora CAN"]
[Date "2014.07.06"]
[Round "5.4"]
[White "Zeromskis, Egidijus"]
[Black "Sapozhnikov, Roman"]
[Result "1/2-1/2"]
[WhiteElo "2242"]
[BlackElo "2406"]
[PlyCount "46"]
[EventDate "2014.07.05"]
[EventType "swiss"]
[EventRounds "5"]
[EventCountry "CAN"]

1. e4 c5 2. Nc3 e6 3. Nf3 Nc6 4. g3 d5 5. exd5 exd5 6. d4 Nf6 7. Bg2 Be7 8. O-O
O-O 9. Bf4 cxd4 10. Nxd4 Qb6 11. Nb3 Be6 12. Ne2 a5 13. c3 Rac8 14. Be3 Qc7 15.
Nbd4 Ne5 16. Nxe6 fxe6 17. Nf4 Qd7 18. Bh3 Rc6 19. Qe2 Ne4 20. Rad1 Ng5 21. Bg2
Ngf7 22. Bh3 Ng5 23. Bg2 Ngf7 1/2-1/2

[Event "Aurora Summer op"]
[Site "Aurora CAN"]
[Date "2014.07.06"]
[Round "5.6"]
[White "Bluvshtein, Ilia"]
[Black "Noritsyn, Sergey"]
[Result "1-0"]
[WhiteElo "2218"]
[BlackElo "2087"]
[PlyCount "71"]
[EventDate "2014.07.05"]
[EventType "swiss"]
[EventRounds "5"]
[EventCountry "CAN"]

1. e4 c5 2. Nf3 d6 3. d4 cxd4 4. Nxd4 Nf6 5. Nc3 a6 6. Bg5 Nbd7 7. f4 b5 8. a3
Bb7 9. Bxf6 Nxf6 10. Qd3 Rc8 11. e5 Nd5 12. Nxd5 Bxd5 13. O-O-O g6 14. Kb1 Bh6
15. exd6 Bc4 16. Qe4 Qxd6 17. Bxc4 Rxc4 18. Qa8+ Qd8 19. Qxd8+ Kxd8 20. Nf5+
Ke8 21. Nxh6 Rxf4 22. g4 Kf8 23. g5 Kg7 24. Rd7 Re8 25. Re1 e5 26. h3 e4 27.
Ng4 h6 28. gxh6+ Kh7 29. Kc1 Re6 30. Kd2 Kg8 31. Ke2 f5 32. Rg7+ Kf8 33. Rd1
fxg4 34. Rd8+ Re8 35. Rxe8+ Kxe8 36. h7 1-0

[Event "Aurora Summer op"]
[Site "Aurora CAN"]
[Date "2014.07.06"]
[Round "5.7"]
[White "Aronov, Yuri"]
[Black "Itkin, David"]
[Result "1-0"]
[WhiteElo "2309"]
[BlackElo "2233"]
[PlyCount "89"]
[EventDate "2014.07.05"]
[EventType "swiss"]
[EventRounds "5"]
[EventCountry "CAN"]

1. d4 g6 2. c4 Bg7 3. e4 d6 4. Nc3 e5 5. Be3 exd4 6. Bxd4 Nf6 7. Nf3 O-O 8. Bd3
Nc6 9. Be3 Bg4 10. h3 Bxf3 11. Qxf3 Nd7 12. Rc1 Nce5 13. Qe2 f5 14. exf5 Nxd3+
15. Qxd3 Rxf5 16. O-O Qh4 17. Nd5 Ne5 18. Qb3 Rf3 19. c5 Kh8 20. Qb4 Qxb4 21.
Nxb4 Rf7 22. cxd6 cxd6 23. Rfd1 a5 24. Nd5 Nc6 25. b3 Kg8 26. a4 Re8 27. Nb6
Re4 28. Nc4 Nd4 29. Bxd4 Rxd4 30. Nxa5 Rd7 31. Rc8+ Kf7 32. Rxd4 Bxd4 33. Rb8
b6 34. Nc4 d5 35. Nxb6 Rc7 36. g4 Rc1+ 37. Kg2 Ke6 38. a5 Rc2 39. Rf8 Bc5 40.
Rf3 d4 41. Na4 Bb4 42. a6 Rc6 43. g5 Be7 44. a7 Ra6 45. Rf6+ 1-0

[Event "Aurora Summer op"]
[Site "Aurora CAN"]
[Date "2014.07.06"]
[Round "5.9"]
[White "Michelashvili, Alexandre"]
[Black "Lei, Sean"]
[Result "1/2-1/2"]
[WhiteElo "1972"]
[BlackElo "2008"]
[PlyCount "35"]
[EventDate "2014.07.05"]
[EventType "swiss"]
[EventRounds "5"]
[EventCountry "CAN"]

1. e4 c5 2. c3 Nf6 3. e5 Nd5 4. Nf3 Nc6 5. d4 cxd4 6. cxd4 d6 7. Bc4 e6 8. O-O
Be7 9. a3 O-O 10. Qe2 a6 11. Qe4 Nc7 12. Bd3 g6 13. Nc3 Qd7 14. Rd1 b5 15. Qe2
Bb7 16. Ne4 Nd5 17. Bc2 Na5 18. Nxd6 1/2-1/2

[Event "Aurora Summer op"]
[Site "Aurora CAN"]
[Date "2014.07.06"]
[Round "5.11"]
[White "Chen, Richard"]
[Black "Profit, Brian"]
[Result "1/2-1/2"]
[WhiteElo "2071"]
[BlackElo "2108"]
[PlyCount "68"]
[EventDate "2014.07.05"]
[EventType "swiss"]
[EventRounds "5"]
[EventCountry "CAN"]

1. e4 e6 2. d3 d5 3. Nd2 Nf6 4. Ngf3 Bc5 5. e5 Nfd7 6. Qe2 Bb6 7. g3 c5 8. Bg2
Nc6 9. Nf1 f6 10. exf6 Nxf6 11. Bf4 O-O 12. N1d2 Bc7 13. Bxc7 Qxc7 14. O-O Bd7
15. Rfe1 Rfe8 16. c4 Rad8 17. a3 h6 18. Rab1 a5 19. Rbd1 Qd6 20. h4 Rb8 21. a4
Rbd8 22. Nf1 Kf8 23. N1h2 b6 24. g4 Qf4 25. g5 Ng4 26. Nxg4 Qxg4 27. gxh6 gxh6
28. Qe3 Kg7 29. Kh1 Rf8 30. Rg1 Qf4 31. Nh2 Kh8 32. cxd5 Qxe3 33. fxe3 exd5 34.
Bxd5 Nb4 1/2-1/2

[Event "Aurora Summer op"]
[Site "Aurora CAN"]
[Date "2014.07.06"]
[Round "5.12"]
[White "Zhao, Yue Tong (Davy)"]
[Black "Liang, Hairan"]
[Result "1/2-1/2"]
[WhiteElo "2079"]
[BlackElo "1952"]
[PlyCount "81"]
[EventDate "2014.07.05"]
[EventType "swiss"]
[EventRounds "5"]
[EventCountry "CAN"]

1. e4 c5 2. Nf3 Nc6 3. d4 cxd4 4. Nxd4 g6 5. c4 Bg7 6. Be3 Nf6 7. Nc3 Ng4 8.
Qxg4 Nxd4 9. Qd1 Ne6 10. Be2 d6 11. O-O O-O 12. f4 Nc5 13. e5 b6 14. Bxc5 bxc5
15. exd6 Bd4+ 16. Kh1 Qxd6 17. Nb5 Qb6 18. Nxd4 cxd4 19. Bf3 Rb8 20. b3 Bb7 21.
f5 Rfe8 22. fxg6 hxg6 23. c5 Bxf3 24. Qxf3 Qf6 25. Qxf6 exf6 26. Rxf6 Re6 27.
Rf2 Rb5 28. Rd2 Re4 29. Kg1 Rxc5 30. Rad1 Kg7 31. Rxd4 Rxd4 32. Rxd4 Rc1+ 33.
Kf2 Rc2+ 34. Kf3 Rxa2 35. Ra4 Rc2 36. Ra3 Rc5 37. b4 Rb5 38. Ra4 Kf6 39. g4 g5
40. h3 Rb7 41. Kf2 1/2-1/2

[Event "Aurora Summer op U2000"]
[Site "Aurora CAN"]
[Date "2014.07.06"]
[Round "5"]
[White "Kitaygorodsky, Alex"]
[Black "Li, Hongyi (Tony)"]
[Result "0-1"]
[WhiteElo "1982"]
[BlackElo "1901"]
[PlyCount "70"]
[EventDate "2014.07.05"]
[EventType "swiss"]
[EventRounds "5"]
[EventCountry "CAN"]

1. e4 c5 2. Nc3 Nc6 3. g3 f5 4. exf5 Nf6 5. Bg2 d6 6. Nf3 Bxf5 7. d3 e5 8. Nh4
Be6 9. Ne4 Be7 10. Nf3 O-O 11. Nfg5 Bf5 12. Nxf6+ Rxf6 13. Bd5+ Kh8 14. Nf7+
Rxf7 15. Bxf7 d5 16. g4 Bc8 17. g5 Bf5 18. h4 Qd6 19. Bh5 e4 20. Be3 d4 21. Bd2
e3 22. Bxe3 dxe3 23. fxe3 c4 24. e4 Qg3+ 25. Kd2 Qf4+ 26. Ke1 Bb4+ 27. c3 Qg3+
28. Ke2 Qg2+ 29. Ke3 Bc5+ 30. d4 Qxe4+ 31. Kd2 Qf4+ 32. Ke1 Nxd4 33. cxd4 Bb4+
34. Ke2 Re8+ 35. Bxe8 Bg4# 0-1

[Event "Benevoles"]
[Site "Gatineau CAN"]
[Date "2014.09.09"]
[Round "1"]
[White "Arsenault, Michel"]
[Black "Boucher, Antoni"]
[Result "1/2-1/2"]
[WhiteElo "1870"]
[BlackElo "1951"]
[PlyCount "76"]
[EventDate "2014.09.09"]
[EventType "swiss"]
[EventRounds "5"]
[EventCountry "CAN"]

1. c4 Nf6 2. g3 e6 3. Nf3 c5 4. Bg2 d5 5. O-O Be7 6. b3 O-O 7. Bb2 Nc6 8. e3 b6
9. Nc3 Bb7 10. cxd5 Nxd5 11. Nxd5 exd5 12. d4 Ba6 13. Re1 Nb4 14. Bf1 Bxf1 15.
Rxf1 Bf6 16. Qd2 Rc8 17. Rfd1 Qd7 18. a3 Nc6 19. dxc5 Bxb2 20. Qxb2 bxc5 21.
Qc3 Ne7 22. Qa5 Qc7 23. Qc3 Rfd8 24. Rac1 f6 25. Ne1 Qb6 26. b4 cxb4 27. Qxb4
Qxb4 28. axb4 Kf7 29. Nd3 Nc6 30. b5 Ne7 31. Nb4 Ke6 32. Ra1 Rc7 33. Ra6+ Kf7
34. Rd4 Rb7 35. e4 Rdd7 36. Nxd5 Rxb5 37. Rda4 Nxd5 38. exd5 Rbxd5 1/2-1/2

[Event "Benevoles"]
[Site "Gatineau CAN"]
[Date "2014.09.09"]
[Round "1"]
[White "Groleau, Gilles"]
[Black "Brousseau, Yvan"]
[Result "1/2-1/2"]
[WhiteElo "1945"]
[BlackElo "1987"]
[PlyCount "92"]
[EventDate "2014.09.09"]
[EventType "swiss"]
[EventRounds "5"]
[EventCountry "CAN"]

1. e4 c6 2. d4 d5 3. exd5 cxd5 4. Bd3 Nc6 5. c3 Nf6 6. Bf4 Bg4 7. Qb3 Qd7 8.
Nd2 e6 9. Ngf3 Be7 10. O-O O-O 11. Ne5 Nxe5 12. dxe5 Ne8 13. Qc2 g6 14. h3 Bf5
15. Bxf5 gxf5 16. Nf3 Kh8 17. Rad1 Rg8 18. Qd2 Rc8 19. Bg5 Bxg5 20. Nxg5 f6 21.
exf6 Nxf6 22. f4 h6 23. Nf3 Qg7 24. Rfe1 Ne4 25. Qd4 Kh7 26. Qxg7+ Kxg7 27. Nd2
Kf6 28. Nxe4+ fxe4 29. g4 Rc4 30. Kf2 b5 31. a3 a5 32. Ke3 b4 33. axb4 axb4 34.
Rd4 Rgc8 35. Rxc4 Rxc4 36. Kd2 bxc3+ 37. bxc3 Ra4 38. h4 Ra2+ 39. Ke3 Rh2 40.
g5+ hxg5 41. fxg5+ Kg6 42. c4 dxc4 43. Kxe4 Rxh4+ 44. Ke5 Kxg5 45. Kxe6 Kf4 46.
Kd5 Kf3 1/2-1/2

[Event "Benevoles"]
[Site "Gatineau CAN"]
[Date "2014.09.09"]
[Round "1"]
[White "Rose, Richard"]
[Black "Desjardins, Michel"]
[Result "1/2-1/2"]
[WhiteElo "1970"]
[BlackElo "1875"]
[PlyCount "138"]
[EventDate "2014.09.09"]
[EventType "swiss"]
[EventRounds "5"]
[EventCountry "CAN"]

1. e4 d5 2. exd5 Qxd5 3. Nc3 Qd6 4. d4 Nf6 5. Nf3 a6 6. Bd3 g6 7. Ne4 Nxe4 8.
Bxe4 Nd7 9. O-O Nf6 10. Bd3 Bg7 11. h3 O-O 12. Re1 Re8 13. c3 b5 14. a4 b4 15.
Bc4 bxc3 16. bxc3 Bb7 17. Ba3 Qd8 18. Qb3 Bd5 19. Bxd5 Nxd5 20. Ne5 Bxe5 21.
Rxe5 e6 22. Rae1 Qb8 23. Qc2 Qb7 24. g3 Reb8 25. c4 Nf6 26. Qd2 Qb3 27. Be7 Ne8
28. d5 exd5 29. Qxd5 Qb7 30. Qd2 Qb2 31. Qd7 Kg7 32. Bc5 Nf6 33. Qxc7 Rc8 34.
Qd6 Rd8 35. Qb6 Qd2 36. Be7 Nd7 37. Qe3 Nxe5 38. Qxe5+ Kg8 39. Bxd8 Rxd8 40.
Qe3 Qxe3 41. fxe3 Rd3 42. Rc1 Rxe3 43. Kf2 Re6 44. c5 Rc6 45. Ke3 Kf8 46. Kd4
Ke7 47. Kd5 Kd7 48. Rb1 Kc7 49. a5 Rf6 50. Rb6 Rf1 51. Rxa6 Rd1+ 52. Ke4 f5+
53. Kf4 Rc1 54. Ra7+ Kc6 55. Rxh7 Rxc5 56. a6 Kd5 57. Kg5 Rc6 58. a7 Ra6 59.
Rg7 Ke4 60. Rxg6 Rxa7 61. h4 Ra5 62. Kh6 f4 63. Rg4 Ra6+ 64. Kg7 Ra7+ 65. Kf6
Ra6+ 66. Ke7 Ra7+ 67. Kd6 Ra6+ 68. Kc5 Kf3 69. Rxf4+ Kxg3 1/2-1/2

[Event "Benevoles"]
[Site "Gatineau CAN"]
[Date "2014.09.16"]
[Round "2"]
[White "Boucher, Antoni"]
[Black "Jobin, Gilles G"]
[Result "1-0"]
[WhiteElo "1951"]
[BlackElo "1801"]
[PlyCount "143"]
[EventDate "2014.09.09"]
[EventType "swiss"]
[EventRounds "5"]
[EventCountry "CAN"]

1. d4 d6 2. Bg5 h6 3. Bh4 c5 4. e3 Qb6 5. Nd2 cxd4 6. exd4 g5 7. Nc4 Qc7 8. Bg3
Nf6 9. c3 Be6 10. Ne3 Nd5 11. c4 Qa5+ 12. Qd2 Qxd2+ 13. Kxd2 Nf6 14. f3 Bg7 15.
Bd3 Nh5 16. Ne2 O-O 17. Be4 a5 18. Bxb7 Ra7 19. Be4 f5 20. Bd5 Bxd5 21. Nxd5
Rc8 22. b3 Nxg3 23. hxg3 Nc6 24. Rad1 Kh7 25. Ke3 Nb4 26. Ndc3 Nc6 27. d5 Nb4
28. Nd4 Nc2+ 29. Nxc2 Bxc3 30. Nd4 Bxd4+ 31. Kxd4 Rb7 32. Rde1 Kg7 33. Re6 Rh8
34. f4 gxf4 35. gxf4 h5 36. Rh3 h4 37. Re1 Kf7 38. Reh1 a4 39. Kc3 axb3 40.
axb3 Rg8 41. R1h2 Rg4 42. Rf3 Rb8 43. b4 Rbg8 44. Rf2 Rg3+ 45. Kd4 Rb3 46. Rxh4
Rxb4 47. Rh7+ Kf8 48. Re2 Rb7 49. Ra2 Rg7 50. Rxg7 Kxg7 51. Ra3 Rb2 52. Re3 Kf7
53. g3 Rb1 54. Kd3 Rc1 55. Re2 Rg1 56. Re3 Rc1 57. Kd4 Rc2 58. Rc3 Rd2+ 59. Ke3
Rd1 60. c5 dxc5 61. Rxc5 Rg1 62. Kf2 Rd1 63. d6 Rxd6 64. Rxf5+ Rf6 65. Rxf6+
exf6 66. g4 f5 67. g5 Kg6 68. Ke3 Kf7 69. Kd4 Ke6 70. Kc5 Ke7 71. Kd5 Kf7 72.
Ke5 1-0